000 00395pab a2200145 454500
008 180718b1987 xxu||||| |||| 00| 0 eng d
100 _aPal, M.S.
245 _aThe international water decade (1981-90) and the national drought
260 _c1987
300 _a37-40
362 _aAug.
650 _aWater Supply
773 _aMonthly Commentary on Indian Economic Conditions
909 _a20609
999 _c20609
_d20609